Wind Microclimate Guidelines for Developments in the City of London (Record no. 121113)

MARC details
000 -LEADER
fixed length control field 01408nam a22001937a 4500
001 - CONTROL NUMBER
control field K121113
008 - FIXED-LENGTH DATA ELEMENTS--GENERAL INFORMATION
fixed length control field 160218b2019 xxu||||| |||| 00| 0 eng d
041 ## - LANGUAGE CODE
Language code of text/sound track or separate title eng
110 2# - MAIN ENTRY--CORPORATE NAME
Corporate author City of London
245 ## - TITLE STATEMENT
Title Wind Microclimate Guidelines for Developments in the City of London
260 ## - PUBLICATION INFORMATION
Date 2019
520 ## - ABSTRACT
Abstract General advice on wind microclimate studies required as part of the planning applications for new development proposals in the City of London. It focuses on the primary factors that affect the quality and consistency of wind microclimate studies and are the first definitive guidance on this topic in the UK. Good wind microclimate conditions are necessary for creating outstanding public spaces in the City. Adverse wind effects can reduce the quality and usability of outdoor areas. Developers are encouraged to address wind microclimate issues at an early stage in their plans by appointing experienced consultants, discussing with planning officers and commissioning early-stage studies to quantify the wind microclimate conditions.<br/>
650 ## - KEYWORDS
Keywords Wind
650 ## - KEYWORDS
Keywords Health and safety
651 ## - SUBJECT ADDED ENTRY--GEOGRAPHIC NAME
Geographic name United Kingdom 1973
690 ## - BROAD SUBJECT
9 (RLIN) 6259
Broad subject Planning and development
856 ## - ONLINE RESOURCE
Uniform Resource Identifier <a href="https://www.cityoflondon.gov.uk/services/environment-and-planning/planning/design/Documents/city-of-london-wind-microclimate-guidelines.pdf">https://www.cityoflondon.gov.uk/services/environment-and-planning/planning/design/Documents/city-of-london-wind-microclimate-guidelines.pdf</a>
Public note View free of charge on www.cityoflondon.gov.uk
942 ## - ADDED ENTRY ELEMENTS (KOHA)
Suppress in OPAC Do not suppress in OPAC
Holdings
Lost status Damaged status Not for loan Home library Current library Shelving location Date acquired Total Checkouts Date last seen Price effective from Koha item type
      Virtual Virtual Online 30/09/2019   30/09/2019 30/09/2019 News article